Κουίζ Πολλαπλής Επιλογής Πόλης – Πάτρα - Statistics

General Stats
  • This quiz has been taken 19 times
  • The average score is 9 of 10
Answer Stats
Question Answer % Correct
Σε ποιο νομό της Ελλάδας βρίσκεται η Πάτρα; Αχαΐας
100%
Ποια θάλασσα αγγίζει τη Πάτρα; Ιόνιο Πέλαγος
100%
Ποια είναι η πιο γνωστή ετήσια εκδήλωση της Πάτρας; Καρναβάλι
100%
Πώς ονομάζεται η γέφυρα που συνδέει την Πάτρα με την ηπειρωτική Ελλάδα; Γέφυρα Ρίου-Αντιρρίου
100%
Πώς ονομάζεται η κεντρική πλατεία της Πάτρας; Γεωργίου Α'
94%
Ποιος διάσημος Έλληνας ποιητής γεννήθηκε στην Πάτρα; Κωστής Παλαμάς
94%
Ποιος είναι ο σημαντικότερος άγιος της Πάτρας; Άγιος Ανδρέας
88%
Ποιος είναι ο διάσημος ποδοσφαιρικός σύλλογος της Πάτρας; Παναχαϊκή
88%
Ποιος είναι ο κύριος εμπορικός δρόμος στην Πάτρα; Ρήγα Φεραίου
88%
Ποιος είναι ο πλησιέστερος διάσημος αρχαιολογικός χώρος από την Πάτρα; Ολυμπία
81%
No matching quizzes found
Score Distribution
Percent of People with Each Score
Percentile by Number Answered
Your Score History
You have not taken this quiz